000 00748nam a22001815i 4500
001 164392
003 ES-MaACL
005 20230906212928.0
008 940301s1841 sp |||| | spa d
040 _aAS
_bspa
100 1 _aSala, Juan.
_9101648
245 1 0 _aSala novísimo o Nueva ilustración del derecho real de España /
_creducida a mejor método, corregida en muchas de sus partes, considerablemente aumentada y adicionada... por Joaquín Romero y Ginzo.
260 _aMadrid :
_bLibrería de García,
_c[s.a.] (
_fImprenta de D. Severiano Omaña)
300 _a2 v. ;
_c21 cm.
597 1 _aPalau XVIII, 304 lo fecha en 1841.
700 2 1 _aRomero y Ginzo, Joaquín,
_eed.lit.
_9132036
852 _aES-MaACL
_jC-3302-3303
_z-- Enc. hol.
999 _c164392
_d164392